| 000 | 00698nam a2200229Ia 4500 | ||
|---|---|---|---|
| 003 | OSt | ||
| 005 | 20221007101750.0 | ||
| 006 | a|||||r|||| 00| 0 | ||
| 007 | ta | ||
| 008 | 221006b |||||||| |||| 00| 0 eng d | ||
| 024 | _a7,827 | ||
| 037 | _cBound Volume | ||
| 040 |
_aLCO _cLCO _beng |
||
| 041 |
_2eng _aeng |
||
| 082 | _aZm2,N67, K7 | ||
| 245 | 0 | _aADMINISTRATIVE REFORMS COMMISSION Report of the Study Team on Machinery of Govt. of India & its Procedurs of Work, Part-I, March | |
| 260 |
_aNew _bDelhi Govt. of India _c1967 |
||
| 300 | _a160 | ||
| 650 |
_aADMINISTRATION REFORMS COMMISSION _9703551 |
||
| 942 |
_hZm2,N67, K7 _cCR |
||
| 999 |
_c1177390 _d1177390 |
||